000 00817cam a2200265 a 4500
001 2805234
003 SISC
005 20160314103107.0
008 820506s1983 njua 001 0 eng
010 _a 82009097
020 _a0139702857 (pbk.)
040 _aDLC
_cDLC
_dDLC
050 1 0 _aPE 1128.A2
_b.F68 1983
082 0 0 _aHS 808.042
_bF86 1983
100 1 _aFrank, Marcella.
_913809
245 1 0 _aWriting from experience /
_cMarcella Frank
260 _aEnglewood Cliffs, N.J. :
_bPrentice-Hall,
_cc1983.
300 _a268 p. :
_bill. ;
_c24 cm.
500 _aIncludes index.
650 0 _aEnglish language
_xStudy and teaching
_xForeign speakers.
_913810
650 0 _aReport writing
_xStudy and teaching.
_913811
906 _a7
_bcbc
_corignew
_d1
_eocip
_f19
_gy-gencatlg
942 _2lcc
_cBK
999 _c9484
_d9484